000 00327 a2200157 4500
001 181582
020 _a
040 _cMagnum
100 _aCarr, Stella
240 1 0 _aAs confusoes de aninha
_lpor
245 1 0 _aAs confusoes de aninha
362 0 _a1899
440 1 _aModerna
697 _aMAGNITO: IJ/GERAL
942 _cBK
999 _c181582
_d181582